| 000 | 00731nam a2200265Ia 4500 | ||
|---|---|---|---|
| 003 | OSt | ||
| 005 | 20220924123325.0 | ||
| 006 | a|||||r|||| 00| 0 | ||
| 007 | ta | ||
| 008 | 220923b |||||||| |||| 00| 0 san d | ||
| 024 | _a520 | ||
| 037 | _cTextual | ||
| 040 |
_aARTS _cARTS _bsan |
||
| 041 |
_2san _asan |
||
| 082 | _aQ2:41, 15H1 | ||
| 100 |
_aPadukapanchaka _9192442 |
||
| 245 | 0 | _aShatchakra nirupana comm by Kalicharana ed by Taranatha Vidyaratna | |
| 250 | _a3rd | ||
| 260 |
_aN.D _bAditya prakashan _c1941 |
||
| 300 |
_a110p. _ccm. |
||
| 490 | _aTantrik texts ed by Arthur Avalon; 2 | ||
| 650 | _aRELIGION | ||
| 942 |
_hQ2:41, 15H1 _cTEXL _2CC |
||
| 999 |
_c415284 _d415284 |
||